banner-ar

حكايتنا فى الاندلس / (Record no. 27927)

MARC details
000 -الفاتح
حقل البيانات ثابتة الطول 00852nam a2200253Ia 4500
005 - وقت وتاريخ اخر تعامل مع التسجيلة
رقم الضبط 20240530101822.0
008 - عناصر البيانات ثابتة الطول - معلومات عامة
حقل البيانات ثابتة الطول 140319s9999 xx 000 0 ara d
040 ## - مصدر الفهرسة
وكالة الفهرسة الأصلية GCL /
وكالة النسخ GCL
082 04 - رقم تصنيف ديوى العشرى
رقم التصنيف 953.071
رقم المادة ع ح
100 1# - المدخل الرئيسى - إسم شخصى
الإسم الشخصى عدنان فائق عنبتاوى
245 10 - بيان العنوان
العنوان حكايتنا فى الاندلس /
بيان المسئوليه,etc عدنان فائق عنبتاوى
250 ## - بيان الطبعة
بيان الطبعة ط1
260 ## - PUBLICATION, DISTRIBUTION, ETC. (IMPRINT)
تاريخ النشر أو التوزيع 1989
300 ## - الوصف المادى
التعداد 343 ص ؛
أبعاد الوعاء 32 سم
650 04 - المدخل الاضافى بالموضوع-مصطلح موضوعى
مصطلح موضوعي التاريخ الاسلامى
650 04 - المدخل الاضافى بالموضوع-مصطلح موضوعى
مصطلح موضوعي العمارة الاسلامية
650 04 - المدخل الاضافى بالموضوع-مصطلح موضوعى
مصطلح موضوعي الاثار الاسلامية
650 04 - المدخل الاضافى بالموضوع-مصطلح موضوعى
مصطلح موضوعي الاثار
650 04 - المدخل الاضافى بالموضوع-مصطلح موضوعى
مصطلح موضوعي فتح الاندلس
650 04 - المدخل الاضافى بالموضوع-مصطلح موضوعى
مصطلح موضوعي الاثار الاسلامية فى الاندلس
650 04 - المدخل الاضافى بالموضوع-مصطلح موضوعى
مصطلح موضوعي قصر الحمراء
942 ## - عناصر المدخل الإضافي( كوها)
مصدر التصنيف او مخطط الترفيف Dewey Decimal Classification
Koha [default] item type كتاب
260 ## - PUBLICATION, DISTRIBUTION, ETC. (IMPRINT)
-- بيروت :
-- المؤسسة العربية للدراسات والنشر ،
Holdings
حالة التراجع حالة الفقد حالة تلف ليس للاعارة المكان المؤقت الموقع الحالى تاريخ الاكتساب اجمالي اﻻعارات رقم الطلب الباركود تاريخ اخر مشاهدة تاريخ تفعيل السعر نوع وعاء كوها
        مكتبة القاهرة الكبرى مكتبة القاهرة الكبرى 03/26/2014   953.071\ع ح 63738 03/26/2014 03/26/2014 كتاب

Powered By

EGPV